000 00382nam a22001217a 4500
008 180426b xxu||||| |||| 00| 0 eng d
041 _aeng
080 _a043.3
100 _a0
101 _aSHKI-BTH
245 _aMospërputhja e bazës së të dhënave relacionare me programin e orientuar në objekte dhe pasqyrimi relacionar i objekteve si zgjidhje
_cDeçani,S
942 _2udc
_cBK
999 _c45557
_d45557